000 00626nam a22002177a 4500
003 DO-SdBNP
005 20220120072504.0
008 220120b2019 ||||| |||| 00| 0 spa d
020 _a9789945919325
040 _aDO-SdBNP
_bspa
_cBNPHU
082 _aRD861.44
_bR758l
100 _aRomán, Rafael Antonio
_980977
245 _aLienzos de amor /
_cRafael antonio Román
260 _aSanto Domingo :
_bOcéano Azul Ediciones,
_c2019
300 _a69 p. ;
_c22 cm
590 _aInventariado, 2022 / DG
650 _aPoesía dominicana
_980978
650 _aLiteratura dominicana
_980979
910 _aDG
942 _2ddc
_cLBS1
999 _c51199
_d51199